Logo BPK

Biblioteka

Politechniki Koszalińskiej

Prace Kongresu Kultury Polskiej : (Rekord nr 29840)

Szczegóły MARC
000 -ETYKIETA REKORDU
podpole kontrolne o stałej długości 00637nam a2200169 i 4500
001 - NUMER KONTROLNY REKORDU
pole kontrolne bg
040 ## - ŹRÓDŁO KATALOGOWANIA
Instytucja, która utworzyła rekord BPK
041 ## - KOD JĘZYKA
Kod języka tekstu pol
080 ## - UNIWERSALNA KLASYFIKACJA DZIESIĘTNA - UKD
UKD 943.8.082
008 - POLE O STAŁEJ DŁUGOŚCI - DANE KONTROLNE
podpole kontrolne o stałej długości s pl f |000 0 pol
245 #0 - TYTUŁ/ODPOWIEDZIALNOŚĆ
Tytuł Prace Kongresu Kultury Polskiej :
Ciąg dalszy tytułu pod patronatem Prezydenta RP Edwarda Raczyńskiego.
Oznaczenie części/sekcji dzieła T. 4,
Tytuł części/sekcji dzieła Wysiłek zbrojny w II wojnie światowej /
Pozostałe elementy strefy tytułu i oznaczenia odpowiedzialności pod red. Stanisława Biegańskiego i Aleksandra Szkuty ; Polskie Towarzystwo Naukowe na Obczyźnie.
260 ## - STREFA ADRESU WYDAWNICZEGO
Miejsce wydania Londyn :
Nazwa wydawcy/dystrybutora PTN,
Data publikacji, dystrybucji/powstania dokumentu 1988.
300 ## - STREFA OPISU FIZYCZNEGO
Objętość 159 s., 2 k. tabl. :
Inne cechy fizyczne 2 mapy ;
Rozmiary 22 cm.
700 1# - HASŁO DODATKOWE - NAZWA OSOBOWA
Nazwa osobowa BIEGAŃSKI, Stanisław.
700 1# - HASŁO DODATKOWE - NAZWA OSOBOWA
Nazwa osobowa SZKUTA, Aleksander.
Określenie związku między hasłem a opisywanym materiałem Red.
856 ## - LOKALIZACJA I DOSTĘP DO ELEKTRONICZNYCH DOKUMENTÓW ZDALNYCH
Link (URL) http://koha.tu.koszalin.pl/cgi-bin/koha/opac-detail.pl?biblionumber=29840
Tekst linku Katalog online BPK
942 ## - DODATKOWE ELEMENTY (KOHA)
Typ dokumentu Książka
Egzemplarze
Wycofany Status egzemplarza Uszkodzony Dostępność Lokalizacja stała Lokalizacja bieżąca Miejsce przechowywania Sygnatura Kod kreskowy Typ dokumentu
      Dostępny Biblioteka Politechniki Koszalińskiej Biblioteka Politechniki Koszalińskiej Wypożyczalnia BG 36237 01474886 Książka
© 2023 Biblioteka Politechniki Koszalińskiej :: KOHA